|
|
|
|
| LEADER |
01844nam a2200433 i 4500 |
| 001 |
EBC1629156 |
| 003 |
MiAaPQ |
| 005 |
20200520144314.0 |
| 006 |
m o d | |
| 007 |
cr cnu|||||||| |
| 008 |
140128t20142014caua ob 001 0 eng d |
| 020 |
|
|
|z 9781118409954
|
| 020 |
|
|
|a 9781118417294
|q (electronic bk.)
|
| 035 |
|
|
|a (MiAaPQ)EBC1629156
|
| 035 |
|
|
|a (Au-PeEL)EBL1629156
|
| 035 |
|
|
|a (CaPaEBR)ebr10828166
|
| 035 |
|
|
|a (CaONFJC)MIL563519
|
| 035 |
|
|
|a (OCoLC)863127753
|
| 040 |
|
|
|a MiAaPQ
|b eng
|e rda
|e pn
|c MiAaPQ
|d MiAaPQ
|
| 050 |
|
4 |
|a HD58.9
|b .G35 2014
|
| 082 |
0 |
|
|a 658.4/012
|2 23
|
| 100 |
1 |
|
|a Galbraith, Jay R.
|
| 245 |
1 |
0 |
|a Designing organizations :
|b strategy, structure, and process at the business unit and enterprise levels /
|c Jay R. Galbraith.
|
| 250 |
|
|
|a Third edition.
|
| 264 |
|
1 |
|a San Francisco, California :
|b Jossey-Bass,
|c 2014.
|
| 264 |
|
4 |
|c 2014
|
| 300 |
|
|
|a 1 online resource (347 pages) :
|b illustrations
|
| 336 |
|
|
|a text
|2 rdacontent
|
| 337 |
|
|
|a computer
|2 rdamedia
|
| 338 |
|
|
|a online resource
|2 rdacarrier
|
| 504 |
|
|
|a Includes bibliographical references and index.
|
| 588 |
|
|
|a Description based on print version record.
|
| 590 |
|
|
|a Electronic reproduction. Ann Arbor, MI : ProQuest, 2015. Available via World Wide Web. Access may be limited to ProQuest affiliated libraries.
|
| 650 |
|
0 |
|a Organizational effectiveness.
|
| 650 |
|
0 |
|a Strategic planning.
|
| 655 |
|
4 |
|a Electronic books.
|
| 776 |
0 |
8 |
|i Print version:
|a Galbraith, Jay R.
|t Designing organizations : strategy, structure, and process at the business unit and enterprise levels.
|b Third edition.
|d San Francisco, California : Jossey-Bass, c2014
|h xv, 327 pages
|z 9781118409954
|w 2013040235
|
| 797 |
2 |
|
|a ProQuest (Firm)
|
| 856 |
4 |
0 |
|u https://ebookcentral.proquest.com/lib/matrademy/detail.action?docID=1629156
|z Click to View
|